| 000 | 00576nam a2200241Ia 4500 | ||
|---|---|---|---|
| 003 | OSt | ||
| 005 | 20220615153855.0 | ||
| 008 | 210423s2012 xx 000 0 und d | ||
| 020 | _a9788177585421 | ||
| 040 | _cAL | ||
| 041 | _aeng | ||
| 082 | _a547 FINI | ||
| 100 |
_aFINAR (I L). _942894 |
||
| 245 | _aOrganic chemistry.V1. | ||
| 250 | _a6 | ||
| 260 |
_aNew Delhi _bPearson Education Pvt Ltd _c2012 |
||
| 300 |
_axiv,965 _bPB |
||
| 365 |
_b699 _cINR |
||
| 440 | _v1 | ||
| 650 |
_aOrganic Chemistry _942895 |
||
| 906 | _achemistry.V1. ; Organic | ||
| 942 |
_2ddc _cBK |
||
| 999 |
_c154830 _d154830 |
||